Геохимические критерии золотоностности контактовых метасоматитов гранитоидных интрузий Сибири; Советская геология; № 12

Chi tiết về thư mục
Parent link:Советская геология: журнал.— , 1938-1992.— 0869-7175
№ 12.— 1976.— С. 37-50
Tác giả chính: Коробейников А. Ф. Александр Феопенович
Ngôn ngữ:Tiếng Nga
Được phát hành: 1976
Những chủ đề:
Định dạng: Chương của sách
KOHA link:https://koha.lib.tpu.ru/cgi-bin/koha/opac-detail.pl?biblionumber=411757

MARC

LEADER 00000naa2a2200000 4500
001 411757
005 20231101071614.0
035 |a (RuTPU)RU\TPU\prd\66008 
090 |a 411757 
100 |a 20090427a1976 k y0rusy50 ca 
101 0 |a rus 
102 |a RU 
200 1 |a Геохимические критерии золотоностности контактовых метасоматитов гранитоидных интрузий Сибири  |f А. Ф. Коробейников 
461 0 |0 (RuTPU)RU\TPU\prd\987  |x 0869-7175  |t Советская геология  |o журнал  |d 1938-1992 
463 0 |0 (RuTPU)RU\TPU\prd\64852  |t № 12  |v С. 37-50  |d 1976 
610 1 |a труды учёных ТПУ 
700 1 |a Коробейников  |b А. Ф.  |c российский геолог, доктор геолого-минералогических наук  |c профессор Томского политехнического университета  |f 1934-  |g Александр Феопенович  |2 stltpush  |3 (RuTPU)RU\TPU\pers\12688  |4 070 
801 1 |a RU  |b 63413507  |c 20090427  |g PSBO 
801 2 |a RU  |b 63413507  |c 20091211  |g RCR 
942 |c BK